Essential social psychology

Saved in:
Bibliographic Details
Main Author: CRISP, Richard J. Turner,Rihiannon M.
Format: Book
Language:English
Published: SAGE 2020
Tags: Add Tag
No Tags, Be the first to tag this record!

MARC

LEADER 00000nam a22000007a 4500
008 230825b |||||||| |||| 00| 0 eng d
020 |a 9781526402622 
100 |a CRISP, Richard J.  |a Turner,Rihiannon M. 
245 |a Essential social psychology  |c Richard J. Crisp & Rhiannon N.Turner  |g vi,510p;ill 
260 |b SAGE  |c 2020  |h New Delhi  |i 700182  |i 700183  |l HM1033.C86  |m Social psychology 
500 |a it include index 
942 |a lcc  |c BK  |e Johnson  |f 25/08/23 
952 |0 0  |1 0  |2 lcc  |4 0  |6 HM1033 C86  |7 0  |9 4438  |a SSL  |b HOL  |c GJ  |d 2023-08-25  |l 0  |o HM1033.C86  |p 2023-0360  |r 2023-08-25 00:00:00  |t 700182  |w 2023-08-25  |y BK 
952 |0 0  |1 0  |2 lcc  |4 0  |6 HM1033 C86  |7 0  |9 4439  |a HOL  |b HOL  |c GJ  |d 2023-08-25  |l 0  |o HM1033.C86  |p 2023-0361  |r 2023-08-25 00:00:00  |t 700183  |w 2023-08-25  |y BK 
999 |c 2227  |d 2227